| 000 | 00609nam a2200181Ia 4500 | ||
|---|---|---|---|
| 003 | GCL | ||
| 008 | 140319s9999 xx 000 0 ara d | ||
| 040 |
_aGCL / _cGCL |
||
| 082 | 0 | 4 |
_a338.88 _bا ن |
| 100 | 1 | _aابراهيم العيسوى | |
| 245 | 1 | 0 |
_aنموذج النمور الاسيوية والبحث عن طريق للتنمية فى مصر / _cابراهيم العيسوى |
| 300 | _a159 ص | ||
| 490 |
_a100 قصة _v0 |
||
| 650 | 0 | 4 | _aالتنمية الاقتصادية |
| 650 | 0 | 4 | _aالنمور الاسيوية |
| 650 | 0 | 4 | _aمصر - الاحوال الاقتصادية |
| 942 |
_2ddc _cBK |
||
| 999 |
_c45544 _d45544 |
||